|
|
|
|
| LEADER |
01307cam a2200313 i 4500 |
| 008 |
121024s2013 nyu b 001 0 eng |
| 010 |
|
|
|a 2012038736
|
| 020 |
|
|
|a 9780415632799 (pbk. : alk. paper)
|
| 020 |
|
|
|a 9780415632737 (hardback : alk. paper)
|
| 020 |
|
|
|z 9780203557105 (ebook : alk. paper)
|
| 042 |
|
|
|a pcc
|
| 082 |
0 |
0 |
|a 302.2
|2 23
|
| 245 |
0 |
0 |
|a Identity and communication :
|b new agendas in communication /
|c edited by Dominic Lasorsa, América Rodriguez.
|
| 300 |
|
|
|a xvi, 195 pages ;
|c 24 cm.
|
| 490 |
0 |
|
|a New agendas in communication
|
| 504 |
|
|
|a Includes bibliographical references and index.
|
| 650 |
|
0 |
|a Communication
|x Social aspects.
|
| 650 |
|
0 |
|a Mass media
|x Social aspects.
|
| 650 |
|
0 |
|a Communication and culture.
|
| 650 |
|
0 |
|a Identity (Psychology) and mass media.
|
| 650 |
|
0 |
|a Group identity.
|
| 650 |
|
0 |
|a Intercultural communication.
|
| 700 |
1 |
|
|a Lasorsa, Dominic L.
|
| 700 |
1 |
|
|a Rodriguez, America.
|
| 942 |
|
|
|c BK
|
| 906 |
|
|
|a 7
|b cbc
|c orignew
|d 1
|e ecip
|f 20
|g y-gencatlg
|
| 955 |
|
|
|b rg13 2012-10-24
|i rg13 2012-10-24
|a xj12 2012-10-26 RDA review ; to DEWEY
|a xn09 2013-06-25 1 copy rec'd., to CIP ver.
|
| 999 |
|
|
|c 150200
|d 150200
|
| 952 |
|
|
|0 0
|1 0
|4 0
|6 302_200000000000000_LAS_I
|7 0
|9 160520
|a MCJ
|b MCJ
|c ST1
|d 2015-06-12
|i 3045
|l 0
|o 302.2 LAS/I
|p MCJ3045
|r 2015-06-12
|w 2015-06-12
|y BK
|